| 000 | 02483nam a2200373 i 4500 | ||
|---|---|---|---|
| 001 | 000030643 | ||
| 003 | DO-SdBNP | ||
| 005 | 20260416092024.0 | ||
| 007 | ta | ||
| 008 | 081031t2011 dr r 001 0 spa d | ||
| 020 | _a8489525579 | ||
| 040 |
_aDO-SdBNP _bspa _cBNPHU _erda |
||
| 041 | _aspa | ||
| 082 | 4 |
_a501 _bC569t 2011 _222 |
|
| 245 | 0 | 0 |
_aCiencia, tecnología & sociedad : _bselección de textos de quehacer científico I / _ccompilador, Andrés Molina |
| 264 | 4 |
_aSanto Domingo : _bINTEC, _c©2011. |
|
| 300 |
_a246 páginas ; _c23 cm. |
||
| 336 |
_atexto _btxt _2rdacontent |
||
| 337 |
_asin mediación _bn _2rdamedia |
||
| 338 |
_avolumen _bnc _2rdacarrier |
||
| 500 | _aLa biblioteca posee la segunda reimpresión del 2011. | ||
| 505 | 0 |
_aIntroducción-- _tLa ciencia, una construcción humana / _rAndrés Molina -- _gParte 1-- _tEl saber científico -- _t¿Qué es la ciencia? / _rMario Bunge -- _tCiencia y filosofía / _rMarx Wartofsky -- _gParte 2-- _tCiencia, tecnología y sociedad-- _tOrígenes de las relaciones ciencia-poder político / _rJ. J. Salomon -- _tCiencia moderna y burguesía / _rStefano Sonnati -- _tCiencia, tecnología y desarrollo: algunos modelos de relación / _rLuis A. Camacho N. -- _tEl desarrollo de la tecnología / _rGomory E. Ralph -- _tCiencia y tecnología / _rJ. Ziman -- _tLa tecnología y nuestras responsabilidades hacia las generaciones futuras / _rJhon J. Snyder -- _gParte 3 -- _t¿Hay un método de la ciencia? -- _tEl método científico / _rMario Bunge -- _tLas hipótesis y el método científico / _rCohen-Nagel -- _tMiseria de la metodología / _rAndrés Molina -- _tRevoluciones científicas y cambios conceptuales / _rH. Browun -- _gParte 4 -- _tCrítica de la razón científica -- _tProsupuestos y límites de la ciencia -- _rPeter E. Hodgson -- _tLos argumentos extraídos de la metodología no demuestran la superioridad de la ciencia / _rPaul Feyerabend. |
|
| 590 | _aInventariado, 2018/BT | ||
| 650 | 4 |
_aFilosofía de la ciencia _xEnsayos, conferencias, etc. _9334 |
|
| 650 | 4 |
_aFilosofía de la ciencia _xEstudio y enseñanza _9335 |
|
| 650 | 4 |
_aCiencia _xEnsayos, conferencias, etc. _9336 |
|
| 650 | 4 |
_aCiencia _xEstudio y enseñanza _9337 |
|
| 650 | 4 |
_aTecnología _xEnsayos, conferencias, etc. _9338 |
|
| 650 | 4 |
_aTecnología _xEstudio y enseñanza _9339 |
|
| 700 | 1 |
_aMolina, Andrés, _ecompilador _4comp. _9340 |
|
| 710 | 2 |
_aInstituto Tecnológico de Santo Domingo _978911 |
|
| 910 | _aValidado. Control de calidad. MFF | ||
| 942 |
_2ddc _cLBS1 |
||
| 999 |
_c30135 _d30135 |
||